HERBAL WEALTH OF UTTARAKHAND (Record no. 34637)

MARC details
000 -LEADER
fixed length control field 00375nam a22001577a 4500
003 - CONTROL NUMBER IDENTIFIER
control field SGT
020 ## - INTERNATIONAL STANDARD BOOK NUMBER
International Standard Book Number 9789883864640
082 ## - DEWEY DECIMAL CLASSIFICATION NUMBER
Classification number 615.53
Item number H15C
100 ## - MAIN ENTRY--PERSONAL NAME
Personal name CCRS, MINISTRY OF AYUSH
245 ## - TITLE STATEMENT
Title HERBAL WEALTH OF UTTARAKHAND
260 ## - PUBLICATION, DISTRIBUTION, ETC. (IMPRINT)
Place of publication, distribution, etc NEW DELHI
Name of publisher, distributor, etc CCRAS
Year of Publication 2015
300 ## - PAGE DESCRIPTION
No. of Pages 845
650 ## - SUBJECT ADDED ENTRY--TOPICAL TERM
Topical term or geographic name as entry element AYURVEDA
653 ## - KEYWORDS--INDEX TERM
Keyword term AYUSH ,HERBAL, WEALTH , UTTARAKHAND
942 ## - ADDED ENTRY ELEMENTS (KOHA)
Source of classification or shelving scheme Dewey Decimal Classification
Koha item type Books
Holdings
Withdrawn status Lost status Source of classification or shelving scheme Damaged status Use restrictions Not for loan Collection code Home library Current library Shelving location Date acquired Vendor Name Cost, normal purchase price Volume Information (Serial or Books or Non-Book Material) SGTU Bill Number Total Checkouts Full call number Accession No. (Barcode) Date last seen Bill Date Koha item type
    Dewey Decimal Classification   Restricted Access   AYURVEDA SGT FA-FP Library SGT FA-FP Library Text Book 24/04/2026 ABC PVT. LTD. 500.00 2 SGTU 22873   615.53 H15C FA13294 24/04/2026 10/04/2026 Books
    Dewey Decimal Classification   Restricted Access   AYURVEDA SGT FA-FP Library SGT FA-FP Library Text Book 24/04/2026 ABC PVT. LTD. 500.00 2 SGTU 22873   615.53 H15C FA13295 24/04/2026 10/04/2026 Books